000 00448nam a22001457a 4500
008 150605b xxu||||| |||| 00| 0 eng d
020 _a9806017609
082 _a708
_bD946y
100 _aDuque, Luis Angel; Cucher Sammy
_92970
245 _aEl yo anotado
_cCucher, Sammy
246 _aThe annotated self
300 _a36 p.
_bill.
_c14x19 cm
650 _xCucher, Sammy-Exhibiciones
_xArte moderno
_92971
700 _aLuis Angel Duque; Sammy Cucher
_92972
999 _c661
_d661